| 000 | 00617cam a2200229ua 4500 | ||
|---|---|---|---|
| 001 | 10469 | ||
| 005 | 20260515114627.0 | ||
| 008 | 190227n ii |||gr||||Z||||||asm | ||
| 020 | _a9788186384655 | ||
| 040 | _cMAIN | ||
| 041 | _aasm | ||
| 082 | _a079.54162 | ||
| 245 | _aAsamar batarikakat- alochanir itihas | ||
| 250 | _a1st ed. | ||
| 260 |
_aGuwahati: _bAssam publishing company, _c2014. |
||
| 300 | _a344p. | ||
| 653 | _aNewspapers in other geographic areas | ||
| 653 | _aHistory of newspaper and periodicals in Assam | ||
| 653 | _aAssamese newspaper | ||
| 700 |
_aParesh Baishya, _eEditor. |
||
| 942 | _cBK | ||
| 999 |
_c9445 _d9445 |
||